000 00518nam a2200181Ia 4500
005 20250326123909.0
008 250326s9999 xx 000 0 und d
037 _aTextbook
040 _aFMSL
_beng
_cFMSL
041 _aeng
_2eng
084 _aS8 K5
_qFMSL
100 _aRposhansky H
_9736340
245 0 _aBasic studies in social psychology
_cRposhansky H; Seidenberg B
260 _aNY Holt
_bNY Holt, Rinehart and Winston
_c1965
300 _a743p
942 _cTB
_hS8 K5
999 _c1271384
_d1271384